[Event "NED-ch U11"]
[Site "Waalwijk"]
[Date "2011.04.23"]
[Round "9"]
[White "De Jong, Ruurd"]
[Black "Van der Molen, Hugo"]
[Result "1/2-1/2"]
[WhiteElo "794"]
[BlackElo "928"]
[PlyCount "130"]
[EventDate "2011.04.22"]
[EventType "swiss"]
[EventRounds "9"]
[EventCountry "NED"]
[SourceTitle "EXT 2012"]
[Source "ChessBase"]
[SourceDate "2011.11.24"]
[SourceVersion "1"]
[SourceVersionDate "2011.11.24"]
[SourceQuality "1"]

1. e4 e5 2. Bc4 Nf6 3. Nc3 Nc6 4. Nf3 Bc5 5. d3 d6 6. Bg5 h6 7. Bh4 Bb4 8. 0-0 Bxc3 9. bxc3 Bg4 10. h3 Bh5 11. Bb5 0-0 12. Bxc6 bxc6 13. d4 exd4 14. cxd4 c5 15. d5 Rb8 16. Re1 Rb6 17. e5 dxe5 18. Rxe5 Re8 19. Rxh5 Re4 20. Nd2 Qd7 21. Nxe4 Nxh5 22. Qe1 Qxd5 23. Rd1 Qe5 24. Bg3 Nxg3 25. fxg3 Re6 26. Rd8+ Kh7 27. Qf2 Qxe4 28. Rd7 Re7 29. Rd1 Qe3 30. Rd5 Qxf2+ 31. Kxf2 Re6 32. Kg1 Rc6 33. Rd7 f6 34. h4 Kg6 35. g4 h5 36. gxh5+ Kxh5 37. g3 g5 38. hxg5 Kxg5 39. Rg7+ Kf5 40. g4+ Ke5 41. c3 f5 42. gxf5 Kxf5 43. Rf7+ Ke4 44. Kf2 Kd3 45. Rf3+ Kc4 46. Ke3 Kxc3 47. Ke4+ Kb4 48. Kd5 Rd6+ 49. Ke5 c4 50. Rf7 Rd1 51. Rxc7 Kc3 52. a4 Re1+ 53. Kd5 Rd1+ 54. Kc5 Kb3 55. Kb5 c3 56. a5 c2 57. Ka6 c1Q 58. Rxc1 Rxc1 59. Kxa7 Rc6 60. Kb7 Rh6 61. a6 Rh7+ 62. Kb8 Rh8+ 63. Kb7 Rh7+ 64. Kb8 Rh8+ 65. Kb7 Rh7+ 1/2-1/2

[Event "NED-ch U11"]
[Site "Waalwijk"]
[Date "2011.04.22"]
[Round "2"]
[White "Van der Molen, Hugo"]
[Black "Van Klaveren, Justus"]
[Result "1-0"]
[WhiteElo "928"]
[BlackElo "794"]
[PlyCount "61"]
[EventDate "2011.04.22"]
[EventType "swiss"]
[EventRounds "9"]
[EventCountry "NED"]
[SourceTitle "EXT 2012"]
[Source "ChessBase"]
[SourceDate "2011.11.24"]
[SourceVersion "1"]
[SourceVersionDate "2011.11.24"]
[SourceQuality "1"]

1. e4 e5 2. Nf3 Nc6 3. Nc3 Nf6 4. d4 d5 5. exd5 exd4 6. Nxd4 Nxd5 7. Qe2+ Be6 8. Nxd5 Qxd5 9. c3 Nxd4 10. cxd4 Bb4+ 11. Bd2 Bxd2+ 12. Qxd2 0-0 13. Bd3 Rfe8 14. 0-0 h6 15. b3 Qxd4 16. Bh7+ Kxh7 17. Qxd4 Rad8 18. Qe4+ g6 19. Qxb7 Rd5 20. Rae1 Rg5 21. Qxc7 Kg7 22. Re2 Bg4 23. Rxe8 Bh3 24. g3 Bxf1 25. Kxf1 Rh5 26. Re7 Kf6 27. Qd6+ Kg5 28. Re5+ Kg4 29. Qd4+ Kf3 30. Rxh5 gxh5 31. Qh4 1-0